Inferno Callouts - Statistics

General Stats
  • This quiz has been taken 23 times
  • The average score is 13 of 31
Answer Stats
Hint Answer % Correct
Spawn T
95%
B Site Banana
89%
Spawn CT
89%
A Site Pit
74%
B Site Construction
63%
A Site Balcony
58%
A Site Boiler
58%
B Site Car
58%
A Site Library
58%
A Site Boost
53%
B Site Dark Spot
53%
A Site Kitchen
47%
A Site Apts
42%
A Site Default
42%
A Site Graveyard
42%
B Site Logs
42%
Spawn Alt Mid Tuns
37%
Middle Bridge
37%
B Site Coffins
37%
B Site Fountain
37%
Middle Mexico
37%
B Site Sand Bags
37%
Spawn Speedway
32%
A Site Arches
26%
Middle T Ramp
26%
Spawn Well
26%
Middle Alternate Middle
16%
A Site Haybale
16%
Middle T Apts
16%
B Site Baggage
0%
Spawn Terrace
0%
No matching quizzes found
Score Distribution
Percent of People with Each Score
Percentile by Number Answered
Your Score History
You have not taken this quiz